Philipp Melanchthon und religiöse Toleranz
| Main Author: | |
|---|---|
| Format: | Print Article |
| Language: | German |
| Check availability: | HBZ Gateway |
| WorldCat: | WorldCat |
| Interlibrary Loan: | Interlibrary Loan for the Fachinformationsdienste (Specialized Information Services in Germany) |
| Published: |
2011
|
| In: |
Luther
Year: 2011, Volume: 82, Issue: 3, Pages: 181-191 |
| IxTheo Classification: | CC Christianity and Non-Christian religion; Inter-religious relations KAG Church history 1500-1648; Reformation; humanism; Renaissance KDD Protestant Church SA Church law; state-church law |
| Further subjects: | B
Biography
B Melanchthon, Philipp (1497-1560) |
MARC
| LEADER | 00000caa a2200000 c 4500 | ||
|---|---|---|---|
| 001 | 1630516554 | ||
| 003 | DE-627 | ||
| 005 | 20240507100745.0 | ||
| 007 | tu | ||
| 008 | 120326s2011 xx ||||| 00| ||ger c | ||
| 035 | |a (DE-627)1630516554 | ||
| 035 | |a (DE-576)362518041 | ||
| 035 | |a (DE-599)BSZ362518041 | ||
| 035 | |a (OCoLC)1341048754 | ||
| 040 | |a DE-627 |b ger |c DE-627 |e rakwb | ||
| 041 | |a ger | ||
| 084 | |a 1 |2 ssgn | ||
| 084 | |a 07 |2 bwlb | ||
| 100 | 1 | |0 (DE-588)108186717 |0 (DE-627)516316419 |0 (DE-576)168441764 |4 aut |a Plathow, Michael |d 1943- | |
| 109 | |a Plathow, Michael 1943- | ||
| 245 | 1 | 0 | |a Philipp Melanchthon und religiöse Toleranz |c von Michael Plathow |
| 264 | 1 | |c 2011 | |
| 336 | |a Text |b txt |2 rdacontent | ||
| 337 | |a ohne Hilfsmittel zu benutzen |b n |2 rdamedia | ||
| 338 | |a Band |b nc |2 rdacarrier | ||
| 600 | 1 | 7 | |0 (DE-588)118580485 |0 (DE-627)133817814 |0 (DE-576)16458496X |a Melanchthon, Philipp |d 1497-1560 |2 gnd |7 (dpeaa)DE-631 |
| 601 | |a Philippi | ||
| 601 | |a Melanchthon, Philipp | ||
| 601 | |a Toleranz | ||
| 652 | |a CC:KAG:KDD:SA | ||
| 655 | 7 | |a Biografie |0 (DE-588)4006804-3 |0 (DE-627)104213493 |0 (DE-576)208867147 |2 gnd-content | |
| 773 | 0 | 8 | |i In |t Luther |d Göttingen : Vandenhoeck & Ruprecht, 1919 |g 82. 2011, 3. - S. [181] - 191 |w (DE-627)129081264 |w (DE-600)3430-7 |w (DE-576)014414112 |x 0340-6210 |7 nnas |
| 773 | 1 | 8 | |g volume:82 |g year:2011 |g number:3 |g pages:181-191 |
| 935 | |a mteo |a DTH5 |a BWLB | ||
| 951 | |a AR | ||
| CAN | |a 1 | ||
| ELC | |b 1 | ||
| ITA | |a 1 |t 1 | ||
| LOK | |0 000 xxxxxcx a22 zn 4500 | ||
| LOK | |0 001 328005625X | ||
| LOK | |0 003 DE-627 | ||
| LOK | |0 004 1630516554 | ||
| LOK | |0 005 20230707161730 | ||
| LOK | |0 008 160404||||||||||||||||ger||||||| | ||
| LOK | |0 040 |a DE-Tue135 |c DE-627 |d DE-Tue135 | ||
| LOK | |0 092 |o n | ||
| LOK | |0 852 |a DE-Tue135 | ||
| LOK | |0 852 1 |9 00 | ||
| LOK | |0 935 |a ixzs |a ixmi | ||
| LOK | |0 936ln |0 1442053283 |a SA | ||
| LOK | |0 936ln |0 1442043806 |a CC | ||
| LOK | |0 936ln |0 1442050047 |a KDD | ||
| LOK | |0 936ln |0 1442044608 |a KAG | ||
| LOK | |0 939 |a 04-04-16 |b l01 | ||
| ORI | |a SA-MARC-ixtheoa001.raw | ||
| SUB | |a CAN | ||
| SYA | 0 | 0 | |a Schwartzerd, Philipp,1497-1560,Schwarzerd, Philipp,1497-1560,Schwarzerdt, Philipp,1497-1560,Schwarzert, Philipp,1497-1560,Melanchthon,1497-1560,Theophilus Neocomensis,1497-1560,Didymus Faventinus,1497-1560,Didymus,Faventinus,1497-1560,Faventinus, Didymus,1497-1560,Didymus,1497-1560,Melanchthon, Philippe,1497-1560,Melan, Philippus,1497-1560,Melanchthonius, Philippus,1497-1560,Melanchton, Philip,1497-1560,Melanchton, Phil.,1497-1560,Melanchus, Philippus,1497-1560,Melancthon, Philipp,1497-1560,Melancthon, Philippe,1497-1560,Melancthon, Philippus,1497-1560,Melancthonus, Philippus,1497-1560,Melanth, Philippus,1497-1560,Melanthon, Philippe,1497-1560,Melanthon, Philip,1497-1560,Melanthon,1497-1560,Melanthon, Philipp,1497-1560,Melanch., Philippus,1497-1560,Germanus,1497-1560,M., Philippus,1497-1560,Malanth., Philippus,1497-1560,Mel., Phil.,1497-1560,Mel., Philip.,1497-1560,Mel., Philippus,1497-1560,Mela., Philippus,1497-1560,Melan., Philippus,1497-1560,Melanc., Philippus,1497-1560,Melancht., Philippus,1497-1560,Melant., Philippus,1497-1560,Melanth., Philippus,1497-1560,Melanchto., Philipp,1497-1560,P.M.,1497-1560,Melantho, Philip,1497-1560,Melantho, Philippus,1497-1560,Melanthone, Philip.,1497-1560,Melanthone, Philippo,1497-1560,Melanthone, Philipp,1497-1560,Melanthus, Philippus,1497-1560,Melankhton, Filipp,1497-1560,Melanton, Philipp,1497-1560,Melanton, Philippus,1497-1560,Melantone, Filippo,1497-1560,Melantonis, Philipp,1497-1560,Melanchnecnon, Philippi,1497-1560,Melanchthon, Philip,1497-1560,Melanchthon, Philippus,1497-1560,Melanchthonus, Philippus,1497-1560,Melanchton, Philippus,1497-1560,Melanchton, Phillip,1497-1560,Melanthon, Philippus,1497-1560,Melancton, Philipp,1497-1560,Melanchton, Philipp,1497-1560,Philippus,1497-1560,Brettanus, Philippus,1497-1560,Philippus Bretanus,1497-1560,Pullisolus, Philippus,1497-1560,Malanthon, Philipp,1497-1560,Melanthonus, Philippus,1497-1560,Melancton, Philip,1497-1560,Melanchthon, Filipp,1497-1560,Melancthon, Philip,1497-1560,Melancthon,1497-1560 |